000 02588nam0a2200361 4500
001 RU\NLR\BIBL_A\022704740
005 20260407164400.0
010 _a978-5-6053089-0-4
_9100
021 _aRU
_bКН-П-25-072679
_9КН-П-25-7041
035 _a(NLR Aleph) 022704740
090 _a13653310
_c13653310
100 _a20260120d2025 u y0rusy50 ca
101 0 _arus
102 _aRU
105 _aa j 000yy
181 0 _ai3
_baxxe
182 0 _an
200 1 _aПространственное моделирование системы "Правобережная плотина - основание" с оценкой влияния нарушения сплошности противофильтрационного контура на фильтрационный режим низовой упорной призмы
_eучебное пособие
_eдля студентов,обучающихся по направлению подготовки "Строительство" (направление "Гидротехническое строительство", дисциплина "Фильтрационные расчеты гидротехнических сооружений")
_fО. Д. Рубин, Н. В. Ханов, А. С. Антонов, Т. С. Федорова
203 _aТекст
_bвизуальный
_cнепосредственный
210 _aМосква
_cМегаполис
_d2025
215 _a129 с.
_cил., цв. ил., табл.
_d21
320 _aБиблиогр.: с. 126-129 (30 назв.)
606 1 _aГидроэлектростанции
_jУчебные издания для высших учебных заведений
_xГидротехнические сооружения
_92301368
_3RU\NLR\AUTH\6601604293
606 1 _aГрунтовые плотины
_jУчебные издания для высших учебных заведений
_xКомпьютерное моделирование
_92704301
_3RU\NLR\AUTH\6601768862
686 1 _aН77я73-1
701 1 _aРубин
_bО. Д.
_gОлег Дмитриевич
701 1 _aХанов
_bН. В.
_gНартмир Владимирович
701 1 _aАнтонов
_bА. С.
_cканд. техн. наук, гидротехника
_f1990-
_gАнтон Сергеевич
_9249462
_3RU\NLR\AUTH\770249518
701 1 _aФёдорова
_bТ. С.
_cканд. техн. наук, гидротехника
_gТатьяна Сергеевна
_92701106
_3RU\NLR\AUTH\770291177
942 _cBOOK
980 _aNB